La estructura financiera y el crecimiento económico / (Registro nro. 8383)

Detalles MARC
000 -LEADER
fixed length control field 00982nam a2200229Ia 4500
003 - CONTROL NUMBER IDENTIFIER
control field OSt
005 - DATE AND TIME OF LATEST TRANSACTION
control field 20210819162717.0
008 - FIXED-LENGTH DATA ELEMENTS--GENERAL INFORMATION
fixed length control field 210310s1963 mx ad fr 000 0 spa d
040 ## - CATALOGING SOURCE
Original cataloging agency CO-JMCR
Transcribing agency CO-JMCR
041 0# - LANGUAGE CODE
Language code of text/sound track or separate title spa
082 04 - DEWEY DECIMAL CLASSIFICATION NUMBER
Classification number 657.835 /
Item number G624e
Edition number 23
100 1# - MAIN ENTRY--PERSONAL NAME
Personal name Goldsmith, Raymond W.,
9 (RLIN) 17112
Relator term autor
245 13 - TITLE STATEMENT
Title La estructura financiera y el crecimiento económico /
Statement of responsibility, etc. Raymond W. Goldsmith
250 ## - EDITION STATEMENT
Edition statement Primera edición
260 ## - PUBLICATION, DISTRIBUTION, ETC.
Place of publication, distribution, etc. México :
Name of publisher, distributor, etc. Centro de Estudios Monetarios Latinoamericanos,
Date of publication, distribution, etc. 1963
300 ## - PHYSICAL DESCRIPTION
Extent 160 páginas :
Other physical details ilustraciones y gráficas a blanco y negro ;
Dimensions 22 cm.
505 0# - FORMATTED CONTENTS NOTE
Formatted contents note Consideraciones teóricas -- Desarrollo financiero y crecimiento económico en Estados Unidos -- Desarrollo financiero y crecimiento económico en América Latina -- Balances nacionales y los efectos de la inflación
650 14 - SUBJECT ADDED ENTRY--TOPICAL TERM
Topical term or geographic name entry element Estados financieros
9 (RLIN) 17114
650 24 - SUBJECT ADDED ENTRY--TOPICAL TERM
Topical term or geographic name entry element Crecimiento económico
9 (RLIN) 3636
650 24 - SUBJECT ADDED ENTRY--TOPICAL TERM
Topical term or geographic name entry element Desarrollo económico
9 (RLIN) 39517
942 ## - ADDED ENTRY ELEMENTS (KOHA)
Source of classification or shelving scheme Dewey Decimal Classification
Koha item type Books
Existencias
Withdrawn status Lost status Source of classification or shelving scheme Damaged status Not for loan Collection code Home library Current library Date acquired Source of acquisition Full call number Barcode Date last seen Copy number Koha item type
    Dewey Decimal Classification     Non-fiction Biblioteca Pública José María del Castillo y Rada Biblioteca Pública José María del Castillo y Rada 04/15/2018 Donación 657.835 / G624e 430006345 05/16/2024 Ej.1 Books